[Event "IDJM Rosenheim 2010"]
[Site "?"]
[Date "2010.09.01"]
[Round "6"]
[White "Huschenbeth, Niclas"]
[Black "Heimann, Andreas"]
[Result "1/2-1/2"]
[WhiteElo "2459"]
[BlackElo "2471"]
[PlyCount "123"]
[EventDate "2010.??.??"]

1. e4 e5 2. Nf3 Nc6 3. Bb5 a6 4. Bxc6 dxc6 5. O-O Qf6 6. d4 exd4 7. Bg5 Qd6 8.
Nxd4 Be7 9. Be3 Nf6 10. f3 O-O 11. Nd2 Be6 12. N2b3 Rfd8 13. Qe2 Qe5 14. Nxe6
fxe6 15. c3 Qb5 16. Qc2 c5 17. a4 Qb6 18. Nd2 Qc6 19. Nc4 b6 20. Qe2 Qd7 21.
Bf4 b5 22. Rfd1 Qc6 23. Ne5 Qb7 24. axb5 axb5 25. Rxa8 Rxa8 26. c4 c6 27. g4
Rd8 28. Rxd8+ Bxd8 29. Qd3 Bc7 30. g5 Bxe5 31. Bxe5 Nd7 32. Bg3 bxc4 33. Qxc4
Kf7 34. Qd3 c4 35. Qxc4 Qxb2 36. Qxc6 Qb6+ 37. Qxb6 Nxb6 38. Kf2 Kg6 39. Bf4
Nd7 40. Be3 Ne5 41. Kg3 Kf7 42. Bd4 Nc6 43. Bc3 g6 44. Kf4 Ke7 45. h4 Kd6 46.
Kg4 Ke7 47. h5 e5 48. h6 Kd6 49. Kg3 Nd8 50. Bb4+ Kd7 51. Kg4 Ke6 52. Bf8 Nf7
53. Bg7 Kd6 54. Bf6 Ke6 55. Kg3 Nd6 56. Kf2 Ne8 57. Bh8 Nc7 58. Ke3 Kd6 59. Kd3
Ne6 60. Bf6 Nf4+ 61. Ke3 Ne6 62. Kd3 1/2-1/2

[Event "IDJM Rosenheim 2010"]
[Site "?"]
[Date "2010.09.01"]
[Round "6"]
[White "Berchtenbreiter, Maximilian"]
[Black "Mihok, Oliver"]
[Result "1-0"]
[WhiteElo "2231"]
[BlackElo "2499"]
[PlyCount "77"]
[EventDate "2010.??.??"]

1. c4 c5 2. Nf3 Nc6 3. d4 cxd4 4. Nxd4 e6 5. Nc3 Nf6 6. g3 Qb6 7. Ndb5 Bc5 8.
Nd6+ Ke7 9. Nde4 Nxe4 10. Nxe4 Bb4+ 11. Nd2 d5 12. cxd5 exd5 13. Bg2 Rd8 14. a3
Bc5 15. O-O Kf8 16. e4 dxe4 17. Qh5 h6 18. Nxe4 Bd4 19. Kh1 Be6 20. f4 Bc4 21.
Re1 Na5 22. Bd2 Nb3 23. Bb4+ Kg8 24. Rad1 a5 25. Be7 Rd7 26. Bh4 a4 27. f5 Qb5
28. Qg4 Ra6 29. f6 g6 30. Qf4 Kh7 31. Bg5 Bd5 32. Qh4 h5 33. g4 Bxe4 34. Bxe4
Kg8 35. gxh5 Ra5 36. Bg2 Rc7 37. hxg6 fxg6 38. Qh6 Qxg5 39. Re8+ 1-0

[Event "IDJM Rosenheim 2010"]
[Site "?"]
[Date "2010.09.01"]
[Round "6"]
[White "Boros, Denes"]
[Black "Krämer, Martin"]
[Result "1-0"]
[WhiteElo "2499"]
[BlackElo "2516"]
[PlyCount "117"]
[EventDate "2010.??.??"]

1. e4 c5 2. Nf3 d6 3. d4 cxd4 4. Nxd4 Nf6 5. Nc3 Nc6 6. Bg5 e6 7. Qd2 a6 8.
O-O-O Bd7 9. f4 b5 10. Bxf6 gxf6 11. Nxc6 Bxc6 12. Qe1 Be7 13. Bd3 Qb6 14. f5
h5 15. fxe6 fxe6 16. Kb1 Qc5 17. Ne2 Kd7 18. Nf4 Rag8 19. Rd2 h4 20. Rf1 Rg5
21. Re2 Rg4 22. Nxe6 Qe5 23. h3 Rg3 24. Nf4 Bd8 25. Qf2 Qc5 26. Qe1 Re8 27. Qd2
Qg5 28. Rd1 Bc7 29. Ree1 Kc8 30. Re2 Kb7 31. Rf1 Bb6 32. c3 Re5 33. Bc2 Bc7 34.
Qd4 Re7 35. Bb3 Bb6 36. Qxd6 Bc5 37. Qd2 Rxe4 38. Ne6 Qe5 39. Nd8+ Kb6 40. Nxc6
Kxc6 41. Bd5+ Qxd5 42. Rxf6+ Bd6 43. Qxd5+ Kxd5 44. Rxd6+ Kxd6 45. Rxe4 Rxg2
46. Rxh4 Kc7 47. a4 Kb6 48. Ka2 Rg1 49. Rh6+ Kb7 50. axb5 axb5 51. Ka3 Rg2 52.
b3 Rg3 53. Kb4 Rf3 54. Rh5 Ka6 55. Rxb5 Rxh3 56. Rb8 Ka7 57. Rd8 Kb6 58. Rd6+
Kc7 59. Rg6 1-0

[Event "IDJM Rosenheim 2010"]
[Site "?"]
[Date "2010.09.01"]
[Round "7"]
[White "Mihok, Oliver"]
[Black "Vovk, Andrey"]
[Result "1/2-1/2"]
[WhiteElo "2437"]
[BlackElo "2522"]
[PlyCount "68"]
[EventDate "2010.??.??"]

1. e4 e5 2. Nf3 Nc6 3. Bb5 Nf6 4. d3 d6 5. O-O Bd7 6. Re1 g6 7. d4 Bg7 8. d5
Ne7 9. Bxd7+ Nxd7 10. Be3 O-O 11. c4 h6 12. Nfd2 f5 13. f3 h5 14. Nc3 Kh7 15.
exf5 Nxf5 16. Nde4 Nxe3 17. Rxe3 Bh6 18. Re2 Rf4 19. b4 Bf8 20. a3 a6 21. Rc2
Rf7 22. Ne2 Nb6 23. Qd3 Bh6 24. Rd1 Nc8 25. c5 Ne7 26. Qb3 Nf5 27. Qd3 Qh4 28.
N4g3 Raf8 29. Rc4 Qd8 30. Ne4 Rg8 31. a4 Qa8 32. Kh1 Qd8 33. Kg1 Qa8 34. Kh1
Qd8 1/2-1/2

[Event "IDJM Rosenheim 2010"]
[Site "?"]
[Date "2010.09.01"]
[Round "7"]
[White "Heimann, Andreas"]
[Black "Berchtenbreiter, Maximilian"]
[Result "1-0"]
[WhiteElo "2471"]
[BlackElo "2231"]
[PlyCount "95"]
[EventDate "2010.??.??"]
[SourceDate "2010.09.01"]

1. e4 c5 2. Nf3 d6 3. d4 cxd4 4. Nxd4 Nf6 5. Nc3 a6 6. g3 g6 7. Bg2 Bg7 8. O-O
O-O 9. Nd5 Nc6 10. Ne2 Bd7 11. c3 Rc8 12. Be3 Nxd5 13. exd5 Ne5 14. b3 Bg4 15.
f3 Bf5 16. Qd2 Bd3 17. Rac1 Qa5 18. f4 Bxe2 19. Qxe2 Nd7 20. c4 Rc7 21. Rc2 b5
22. Bf2 Bf6 23. Rfc1 bxc4 24. Rxc4 Rxc4 25. Rxc4 Qb5 26. Qc2 Rb8 27. Rc8+ Kg7
28. Rxb8 Nxb8 29. h3 Nd7 30. Qc6 Nc5 31. Qxb5 axb5 32. Be1 Bd4+ 33. Kf1 Kf8 34.
Ke2 Ke8 35. Bf1 Na6 36. Kf3 Nc7 37. Ba5 Nxd5 38. Bxb5+ Kf8 39. Bc6 Nc3 40. a4
f5 41. Bc7 Na2 42. a5 Nb4 43. Bb5 Nd5 44. Bb8 Kg7 45. a6 e5 46. fxe5 dxe5 47.
a7 e4+ 48. Kg2 1-0

[Event "IDJM Rosenheim 2010"]
[Site "?"]
[Date "2010.09.01"]
[Round "7"]
[White "Krämer, Martin"]
[Black "Huschenbeth, Niclas"]
[Result "1/2-1/2"]
[WhiteElo "2516"]
[BlackElo "2459"]
[PlyCount "103"]
[EventDate "2010.??.??"]

1. Nf3 d5 2. g3 Bg4 3. Bg2 c6 4. h3 Bxf3 5. Bxf3 e5 6. d3 Nf6 7. Nd2 Bc5 8. e4
O-O 9. O-O Re8 10. Qe2 Nbd7 11. Bg2 Nf8 12. Kh2 Ng6 13. c3 a5 14. a4 h6 15. Nb3
Bb6 16. Bd2 Qd6 17. Rad1 Qe6 18. c4 dxc4 19. dxc4 Nd7 20. f4 exf4 21. gxf4 Nc5
22. Nxc5 Bxc5 23. Bc3 f5 24. Qh5 Ne7 25. b3 Rf8 26. Rfe1 Rae8 27. Bxa5 Qg6 28.
Qxg6 Nxg6 29. exf5 Nxf4 30. Rxe8 Rxe8 31. Re1 Rxe1 32. Bxe1 Nd3 33. Bd2 Bd6+
34. Kg1 Nc5 35. Bb4 Kf7 36. Bf3 Kf6 37. Bg4 Ne4 38. Be1 Nc5 39. Bh4+ g5 40.
fxg6+ Kxg6 41. Bd1 Ne6 42. Be2 Kf7 43. Kf2 Nd4 44. Bd1 Bc5 45. Ke1 Bb4+ 46. Kf1
Ke6 47. Bf2 Ke5 48. Be3 Bf8 49. Kf2 Ke4 50. h4 Kd3 51. h5 Kc3 52. Bxd4+ 1/2-1/2

[Event "IDJM Rosenheim 2010"]
[Site "?"]
[Date "2010.09.01"]
[Round "7"]
[White "Vovk, Yuri"]
[Black "Boros, Denes"]
[Result "0-1"]
[WhiteElo "2561"]
[BlackElo "2499"]
[PlyCount "110"]
[EventDate "2010.??.??"]

1. e4 e5 2. Nf3 Nc6 3. Bb5 a6 4. Ba4 Nf6 5. O-O Be7 6. Re1 b5 7. Bb3 d6 8. c3
O-O 9. h3 Na5 10. Bc2 c5 11. d4 cxd4 12. cxd4 Qc7 13. Nbd2 Be6 14. d5 Bd7 15.
Nf1 Rfc8 16. Bd3 Nb7 17. Bd2 Nc5 18. Rc1 Qa7 19. Bc2 a5 20. Ng3 Bd8 21. Nh2 Na4
22. Bxa4 Rxc1 23. Bxc1 bxa4 24. Qf3 Rc8 25. Nhf1 Qd4 26. Ne3 g6 27. Kh2 Qb4 28.
Rd1 h5 29. a3 Qb5 30. Re1 Qd3 31. Rd1 Qb5 32. Bd2 Nh7 33. Nef1 Qxb2 34. Bh6 Rc3
35. Ne3 Ng5 36. Bxg5 Bxg5 37. Kh1 Rc1 38. Ne2 Bxe3 39. Nxc1 Bxc1 40. Qf6 Qc2
41. Rg1 Qc7 42. Qe7 Bxa3 43. f4 exf4 44. e5 Qc8 45. Re1 Qc3 46. Rb1 Qxe5 47.
Qxd7 f3 48. gxf3 Bb4 49. Qc8+ Kg7 50. Qc4 Qf5 51. Qf1 a3 52. Rd1 Bc3 53. Rd3
Bb2 54. Rd2 Qe5 55. Qb1 a2 0-1

[Event "IDJM Rosenheim 2010"]
[Site "?"]
[Date "2010.09.01"]
[Round "7"]
[White "Baldauf, Marco"]
[Black "Levin, Evgeny"]
[Result "1/2-1/2"]
[WhiteElo "2362"]
[BlackElo "2495"]
[PlyCount "82"]
[EventDate "2010.??.??"]

1. d4 Nf6 2. c4 g6 3. g3 Bg7 4. Bg2 c5 5. d5 d6 6. Nc3 O-O 7. Nf3 e6 8. O-O
exd5 9. cxd5 a6 10. a4 Nbd7 11. Nd2 Qe7 12. Nc4 Ne8 13. e4 Ne5 14. Nb6 Rb8 15.
f4 Bg4 16. Qc2 Qd8 17. a5 Nd7 18. Nc4 f5 19. h3 Bh5 20. Re1 Bd4+ 21. Kh1 Bxc3
22. Qxc3 Ndf6 23. b3 Nc7 24. Bb2 Nb5 25. Qd3 fxe4 26. Bxe4 Nxe4 27. Rxe4 Qd7
28. Re6 Rbe8 29. Rae1 Rxe6 30. Rxe6 g5 31. f5 Bf7 32. Qd2 Nd4 33. Qxg5+ Kh8 34.
Kh2 Bxe6 35. dxe6 Qg7 36. Qxg7+ Kxg7 37. Nxd6 Kf6 38. Ne4+ Ke7 39. Ba3 Rxf5 40.
Bxc5+ Kxe6 41. Bxd4 Rxa5 (41... Kd5 42. g4 Rf4 43. Nc3+) 1/2-1/2

[Event "IDJM Rosenheim 2010"]
[Site "?"]
[Date "2010.09.02"]
[Round "8"]
[White "Huschenbeth, Niclas"]
[Black "Vovk, Yuri"]
[Result "1/2-1/2"]
[WhiteElo "2459"]
[BlackElo "2561"]
[PlyCount "101"]
[EventDate "2010.??.??"]

1. e4 e5 2. Nf3 Nc6 3. Bb5 Nf6 4. O-O Nxe4 5. Re1 Nd6 6. Nxe5 Be7 7. Bf1 Nf5 8.
Bd3 d5 9. Nxc6 bxc6 10. Qg4 h5 11. Qa4 Rh6 12. Bxf5 Bxf5 13. d3 Rg6 14. Bf4 Kf8
15. Nd2 Bd6 16. Nf3 Kg8 17. Bxd6 Qxd6 18. Nh4 Rg4 19. Nxf5 Rxa4 20. Nxd6 cxd6
21. Re7 c5 22. Rd7 c4 23. b3 Ra6 24. g3 cxd3 25. cxd3 Rb8 26. Rc1 Rxa2 27. Rcc7
Rf8 28. Rxd6 Ra3 29. Rxd5 Rxb3 30. Rxa7 g6 31. Rdd7 Kg7 32. Kg2 Rb5 33. d4 Rf5
34. Ra2 Rb8 35. Rd2 Rbb5 36. f4 h4 37. Re7 hxg3 38. hxg3 g5 39. Kf3 Rb3+ 40.
Kg4 Kg6 41. Re5 Rxe5 42. dxe5 f5+ 43. exf6 gxf4 44. gxf4 Rb6 45. f7 Kxf7 46.
Kg5 Rb5+ 47. f5 Rb6 48. Rd7+ Kf8 49. Ra7 Rc6 50. f6 Rc1 51. Kg6 1/2-1/2

[Event "IDJM Rosenheim 2010"]
[Site "?"]
[Date "2010.09.02"]
[Round "8"]
[White "Berchtenbreiter, Maximilian"]
[Black "Krämer, Martin"]
[Result "1/2-1/2"]
[WhiteElo "2231"]
[BlackElo "2516"]
[PlyCount "51"]
[EventDate "2010.??.??"]

1. e4 c5 2. Nf3 e6 3. d4 cxd4 4. Nxd4 a6 5. Nc3 Qc7 6. Bd3 Nc6 7. Be3 Nf6 8.
Qd2 Ng4 9. Bf4 e5 10. Nd5 Qd8 11. Be2 Nf6 12. Nxf6+ gxf6 13. Nxc6 dxc6 14.
Qxd8+ Kxd8 15. Be3 Bb4+ 16. c3 Bd6 17. Bc4 Ke7 18. Rd1 Rg8 19. Rg1 Be6 20. Bxe6
fxe6 21. f3 h5 22. h4 Rg7 23. g4 Rag8 24. g5 Bc7 25. Kf2 Ke8 26. gxf6 1/2-1/2

[Event "IDJM Rosenheim 2010"]
[Site "?"]
[Date "2010.09.02"]
[Round "8"]
[White "Vovk, Andrey"]
[Black "Levin, Evgeny"]
[Result "1-0"]
[WhiteElo "2522"]
[BlackElo "2495"]
[PlyCount "85"]
[EventDate "2010.??.??"]

1. e4 e6 2. d4 d5 3. Nd2 Nf6 4. e5 Nfd7 5. c3 c5 6. Bd3 Nc6 7. Ne2 cxd4 8. cxd4
f6 9. exf6 Nxf6 10. Nf3 Qc7 11. Bf4 Bb4+ 12. Nd2 Qb6 13. a3 Be7 14. Qb3 Bd8 15.
Qc3 O-O 16. O-O Bd7 17. b4 Rc8 18. Qb2 Bc7 19. Bxc7 Rxc7 20. Rac1 e5 21. dxe5
Ng4 22. Nf3 Ncxe5 23. Nxe5 Rxf2 24. Kh1 Qf6 25. Rxf2 Nxf2+ 26. Kg1 Qb6 27. Kf1
Qf6 28. Ke1 Bc6 29. Qd4 Re7 30. Qxf2 Qxe5 31. Qg3 Qb2 32. Rc2 Qa1+ 33. Kd2 Qf6
34. h4 Re5 35. b5 Qh6+ 36. Nf4 Bd7 37. Qf2 b6 38. Qd4 Qd6 39. g3 g5 40. hxg5
Rxg5 41. Be4 Be6 42. Rc6 Qxa3 43. Nxe6 1-0

[Event "IDJM Rosenheim 2010"]
[Site "?"]
[Date "2010.09.02"]
[Round "8"]
[White "Mihok, Oliver"]
[Black "Heimann, Andreas"]
[Result "1/2-1/2"]
[WhiteElo "2437"]
[BlackElo "2471"]
[PlyCount "104"]
[EventDate "2010.??.??"]

1. e4 e5 2. Nf3 Nc6 3. Bb5 a6 4. Ba4 Nf6 5. O-O Be7 6. Re1 b5 7. Bb3 d6 8. c3
O-O 9. h3 a5 10. a4 b4 11. d3 Rb8 12. Nbd2 h6 13. d4 bxc3 14. bxc3 exd4 15.
cxd4 d5 16. e5 Nh7 17. Nf1 Nb4 18. Ne3 c6 19. Bc2 Ng5 20. Nxg5 Bxg5 21. Bb1 f5
22. Ra3 Be6 23. Nf1 Be7 24. Rg3 Bh4 25. Rg6 Bf7 26. Rd6 Qe8 27. e6 Bh5 28. Qd2
Rb7 29. Ng3 Bg6 30. Qe2 f4 31. Bxg6 Qxg6 32. Bxf4 Re7 33. Be5 Rxe6 34. Rxe6
Qxe6 35. Qd1 Qg6 36. Re3 Rf7 37. Rf3 Rxf3 38. Qxf3 Bxg3 39. Qxg3 Qxg3 40. fxg3
Nd3 41. Bc7 Nb2 42. Bxa5 Nxa4 43. Kf2 c5 44. dxc5 Nxc5 45. Ke3 Ne6 46. g4 Kf7
47. Bc3 Ke7 48. Be5 Kd7 49. Kd3 Kc6 50. h4 g5 51. g3 Kc5 52. Bf6 Kd6 1/2-1/2

[Event "IDJM Rosenheim 2010"]
[Site "?"]
[Date "2010.09.02"]
[Round "8"]
[White "Boros, Denes"]
[Black "Baldauf, Marco"]
[Result "1-0"]
[WhiteElo "2499"]
[BlackElo "2362"]
[PlyCount "123"]
[EventDate "2010.??.??"]

1. e4 e5 2. Nf3 Nc6 3. Bb5 Nf6 4. d3 Bc5 5. Nc3 O-O 6. Bg5 a6 7. Bxc6 dxc6 8.
h3 Qd6 9. O-O h6 10. Be3 Qe7 11. Bxc5 Qxc5 12. d4 exd4 13. Qxd4 Qxd4 14. Nxd4
Re8 15. Rfe1 b6 16. f3 c5 17. Nde2 g5 18. Ng3 Re5 19. Nd1 h5 20. Ne3 h4 21.
Ngf5 Bxf5 22. Nxf5 Rd8 23. Rad1 Ree8 24. Kf2 Kf8 25. g3 hxg3+ 26. Nxg3 Nd7 27.
Nh5 Ke7 28. Rg1 Nf6 29. Ng7 Rh8 30. Rxd8 Rxd8 31. Ke3 Rh8 32. Rg3 Nh5 33. Nf5+
Kf6 34. Rg4 Nf4 35. h4 Nd5+ 36. exd5 Kxf5 37. Rxg5+ Kf6 38. Rg4 b5 39. Rf4+ Ke7
40. a3 Rh5 41. Ke4 f6 42. c4 bxc4 43. Ke3 c3 44. bxc3 Rxd5 45. Re4+ Kf7 46. Ra4
Kg6 47. Ke4 Re5+ 48. Kd3 Rh5 49. Rg4+ Kf7 50. Re4 Rf5 51. Ke2 Rd5 52. Ra4 Rh5
53. Kf2 Kg6 54. Kg3 Rd5 55. Ra5 Re5 56. Kg4 Rd5 57. a4 Re5 58. c4 Re1 59. h5+
Kh6 60. Rxc5 Rg1+ 61. Kf4 Ra1 62. a5 1-0

[Event "IDJM Rosenheim 2010"]
[Site "?"]
[Date "2010.09.03"]
[Round "9"]
[White "Heimann, Andreas"]
[Black "Vovk, Andrey"]
[Result "1/2-1/2"]
[WhiteElo "2471"]
[BlackElo "2522"]
[PlyCount "23"]
[EventDate "2010.??.??"]

1. e4 e5 2. Nf3 Nc6 3. Nc3 Nf6 4. Bb5 Bb4 5. O-O O-O 6. d3 d6 7. Bg5 Bxc3 8.
bxc3 Qe7 9. Re1 Nd8 10. d4 Ne6 11. Bc1 c5 12. Bf1 1/2-1/2

[Event "IDJM Rosenheim 2010"]
[Site "?"]
[Date "2010.09.03"]
[Round "9"]
[White "Krämer, Martin"]
[Black "Mihok, Oliver"]
[Result "1-0"]
[WhiteElo "2516"]
[BlackElo "2437"]
[PlyCount "71"]
[EventDate "2010.??.??"]

1. d4 d5 2. c4 c6 3. Nc3 Nf6 4. e3 e6 5. Nf3 Nbd7 6. Qc2 Bd6 7. Bd3 O-O 8. O-O
dxc4 9. Bxc4 b5 10. Bd3 Bb7 11. e4 e5 12. h3 Re8 13. dxe5 Nxe5 14. Nxe5 Bxe5
15. Be3 a6 16. Rfd1 Qc7 17. a4 Rac8 18. Rac1 c5 19. axb5 c4 20. Bf1 axb5 21.
Nxb5 Qa5 22. Bxc4 Rxc4 23. Qxc4 Ba6 24. b4 Qxb5 25. Qxb5 Bxb5 26. f3 Ba4 27.
Rd2 Rb8 28. Ra2 Bb3 29. Ra5 Nd7 30. b5 f6 31. f4 Bd6 32. Rc6 Bb4 33. Ra7 Nf8
34. b6 f5 35. b7 fxe4 36. Rb6 1-0

[Event "IDJM Rosenheim 2010"]
[Site "?"]
[Date "2010.09.03"]
[Round "9"]
[White "Vovk, Yuri"]
[Black "Berchtenbreiter, Maximilian"]
[Result "1-0"]
[WhiteElo "2561"]
[BlackElo "2231"]
[PlyCount "67"]
[EventDate "2010.??.??"]

1. e4 c5 2. Nf3 d6 3. d4 cxd4 4. Nxd4 Nf6 5. Nc3 a6 6. Bg5 Nbd7 7. Bc4 Qa5 8.
Qd2 e6 9. O-O-O b5 10. Bb3 Bb7 11. Rhe1 O-O-O 12. a3 Be7 13. Kb1 Qb6 14. f3 Kb8
15. Be3 Nc5 16. Bxe6 fxe6 17. Nxe6 Qc6 18. Nxg7 Bc8 19. Bd4 Rhf8 20. Qh6 Rf7
21. Nf5 Bxf5 22. exf5 Ng8 23. Qf4 Rc8 24. g4 h6 25. Re2 Bf8 26. h4 a5 27. Bxc5
Qxc5 28. Rd5 Qg1+ 29. Ka2 Rb7 30. Nxb5 Nf6 31. Rxd6 Bxd6 32. Qxd6+ Ka8 33. Qxf6
Rb6 34. Qd4 1-0

[Event "IDJM Rosenheim 2010"]
[Site "?"]
[Date "2010.09.03"]
[Round "9"]
[White "Baldauf, Marco"]
[Black "Huschenbeth, Niclas"]
[Result "1-0"]
[WhiteElo "2362"]
[BlackElo "2459"]
[PlyCount "111"]
[EventDate "2010.??.??"]

1. d4 d5 2. Nf3 Nf6 3. c4 dxc4 4. e3 e6 5. Bxc4 c5 6. O-O a6 7. dxc5 Bxc5 8.
Qxd8+ Kxd8 9. Ne5 Ke7 10. Be2 Nbd7 11. Nc4 Rd8 12. Nbd2 Kf8 13. Nb3 Be7 14. Rd1
Ne4 15. f3 Nec5 16. Nxc5 Bxc5 17. Nd6 Nf6 18. Nxc8 Raxc8 19. Rxd8+ Rxd8 20. Kf2
Nd5 21. Bc4 e5 22. Ke2 b5 $11 23. Bd3 g6 24. g4 Nb6 25. Bd2 Rc8 26. Rc1 Ke8 27.
Ba5 Bd6 28. Rxc8+ Nxc8 29. a4 Na7 30. Bb6 Nc8 31. Ba5 Na7 32. axb5 Nxb5 33. Be4
Kd7 34. Bb7 Be7 35. b4 Bd6 36. Bxa6 Kc6 37. Kd3 f5 38. g5 Be7 39. h4 Nd6 40. e4
fxe4+ 41. fxe4 Nb5 42. Bc8 Nc7 43. Kc4 Bf8 44. Bh3 Be7 45. Bg4 Bf8 46. Bd1 h6
47. b5+ Kb7 48. Bxc7 Kxc7 49. h5 hxg5 50. hxg6 Bg7 51. Bg4 Kd6 52. Bc8 Kc7 53.
Be6 Kd6 54. Bd5 g4 55. Kd3 Bf8 56. b6 1-0

[Event "IDJM Rosenheim 2010"]
[Site "?"]
[Date "2010.09.03"]
[Round "9"]
[White "Levin, Evgeny"]
[Black "Boros, Denes"]
[Result "1-0"]
[WhiteElo "2495"]
[BlackElo "2499"]
[PlyCount "61"]
[EventDate "2010.??.??"]

1. d4 d5 2. c4 c6 3. e3 Bf5 4. Qb3 Qc7 5. Nc3 e6 6. Nf3 Nd7 7. Nh4 Bg4 8. h3
Bh5 9. g4 Be7 10. cxd5 Bxh4 11. dxe6 Nc5 12. dxc5 Bg6 13. exf7+ Bxf7 14. Bc4
Nh6 15. Bd2 O-O-O 16. O-O-O Bxf2 17. Ne4 Qe5 18. Bxf7 Qxe4 19. Qe6+ Qxe6 20.
Bxe6+ Kb8 21. g5 Rhe8 22. gxh6 Rxe6 23. hxg7 Rg8 24. Rhf1 Rf6 25. Bc3 Bxe3+ 26.
Kc2 Rxf1 27. Rxf1 Bxc5 28. Rf5 Be7 29. Rh5 Kc7 30. Rxh7 Kd7 31. Rh8 1-0